Statistics for Snakes A-Z

Click here to take the quiz!

General Stats

  • This quiz has been taken 64 times
  • The average score is 9 of 26

Answer Stats

Answer% Correct
Cobra
96%
King Cobra
96%
X
88%
Black mamba
71%
Anaconda
65%
Death Adder
48%
Eyelash viper
44%
Milk Snake
37%
Hognose Snake
35%
Vine Snake
33%
Rat Snake
31%
Sea Snake
29%
Zebra Snake
27%
Garden snake
25%
Indigo Snake
25%
Water Moccasin
25%
Queen Snake
21%
Fox Snake
17%
Parrot Snake
13%
Tiger Snake
13%
Lance Head
8%
Night Snake
8%
Urutu
6%
Jararacussu
2%
Oaxacan Coral Snake
2%
Yarara
2%

Score Distribution

Percentile by Number Answered

Percent of People with Each Score

Your Score History

You have not taken this quiz